00705nam a2200205 a 450000500170000000800390001702000180005604000680007404100080014206000110015010000180016124500700017926000420024930000490029165000240034065000400036465000230040470000300042776500420045720180312122240.0130808s2013 sp ao fr 000 0 spa a9788480199018 aCO-BoUCMbspacJose A. Gerena (modificó)dAldemar Mondragón00aspa aQT 2551 aHerman, Ellie10aPilates con accesorioscEllie Herman ; traducción Andrea Fuente aBadalona (España)bPaidotriboc2013 a139 páginasbilustraciones y fotografías 7aEjercicioxManuales 7aEjercicios terapéuticosxManuales 7aGimnasiaxManuales1 aFuente, Andreaetraductor1 tEllie Herman's Pilates Props Workbook